000 00459nam a2200145 4500
082 _aBESE-3 SUF
100 _aAHMED SUFFIAN JAVE
245 _aVR GAME FOR STRESS RELIEF
260 _aISLAMABAD
_bNUST-SEECS
_c2016
300 _a66p.
_eCD INCLUDES
856 _uhttp://10.250.8.41:8080/xmlui/handle/123456789/7907
942 _2ddc
_cPR
999 _c173229
_d173229